Anglo-Saxon Mythology - Statistics

General Stats
  • This quiz has been taken 20 times
  • The average score is 6 of 19
Answer Stats
Hint Answer % Correct
Chief God Woden
93%
Monster he fought Grendel
50%
Horse Twins and Anglo-Saxon Ancestors Horsa
50%
Monster-Fighting Hero Beowulf
43%
(Dubious) Goddess of Spring, Proposed Namesake for a Holiday Eostre
43%
Goddess of Love and Wisdom Frig
43%
God of Thunder Þunor
36%
Power of Fate Wyrd
36%
Race of Giants Ettin
29%
Horse Twins and Anglo-Saxon Ancestors Hengest
29%
God of Fertiliy Ing
29%
God of Battle Tiw
29%
Legendary Smith Weland
29%
Son of the Chief God Bældæg
21%
National God of the Saxons Seaxneat
21%
Illness-causing Spirits Ælf
14%
Gods over whom he rules Ese
14%
Fantasy monster who is first mentioned in his story Orc
14%
Sacred Pole/Tree Irminsul
7%
No matching quizzes found
Score Distribution
Percent of People with Each Score
Percentile by Number Answered
Your Score History
You have not taken this quiz